000 00417nam a2200181Ia 4500
001 24212
005 20260414151028.0
008 260414t1990||||xx |||||||||||||| ||spa||
041 _aESP
082 _a793.31
_bR74
100 _aRoel Pineda, Josafat
_eAUT
245 0 _aEl wayno del Cusco
_b
260 _c1990
300 _a235 páginas :
_ccm.
650 _aABD
654 _aCAU
942 _cLIB
_dJUS
_fJUS
_2ddc
_n
999 _c24212
_d24212